000 00274nam a2200097Ia 4500
008 220204s9999 xx 000 0 und d
082 _a32(059)
_bIND
245 0 _aRashtriya panchang(English) Saka era 1882
260 _aNew Delhi
_bIndian meteorological dept
_c1960
942 _cBK
999 _c22259
_d22259